01007cam a2200265Ia 450000500170000000800390001702000260005604000500008204100080013210000230014024500750016325000110023826000720024930000650032150400640038650500200045065000450047065000340051565000400054965000390058965000290062865100290065770000280068670000270071420140903175109.0110124s2011 xxuabdofrb 001 0 eng a9780312387921 (Vol.2) aCO-BoUCMbspacJose A. GerenadJose A. Gerena aeng1 aHenretta, James A.10aAmerica's historycJames A. Henretta, Rebecca Edwards, Robert O. Self. a7th ed aBoston (Massachusetts, Estados Unidos)bBedfordbSt. Martin'sc2011 avolúmenesbilustraciones, mapas, gráficas, fotografías aIncluye referencias bibliográficas e índices y glosario gV.2tsince 1865 7aCrisis económicay1929zEstados Unidos 7aGuerra FríazEstados Unidos 7aIndustrializaciónzEstados Unidos 7aGuerra mundial, IIzEstados Unidos 7aHistoriazEstados Unidos 4aEstados UnidosxHistoria1 aEdwards, Rebeccad1966-1 aSelf, Robert O.d1968-